| 000 | 00555 a2200169 4500 | ||
|---|---|---|---|
| 020 | _a8179926680 | ||
| 020 | _a9788179926680 | ||
| 090 |
_c1732 _d1732 |
||
| 100 | 1 | _aAuken, Brad Van. | |
| 245 | 1 | 0 |
_aBranding / _cBrad Van Auken. |
| 260 |
_a[S.l.] : _bJaico Publishing House, _c2008. |
||
| 300 | _a320 p. | ||
| 500 | _aPaperback. | ||
| 856 | 4 | 0 |
_3Amazon.com _uhttp://www.amazon.com/exec/obidos/ASIN/8179926680/chopaconline-20 |
| 856 | 4 | 0 |
_3Amazon customer reviews _uhttp://www.chopac.org/cgi-bin/tools/azrev.pl?q=8179926680 |
| 942 |
_aNBS _cBK _k658.827 VAN |
||
| 999 |
_c344246 _d344246 |
||